Every Song by the Police - Statistics

General Stats
  • This quiz has been taken 20 times
  • The average score is 21 of 69
Answer Stats
Album Song % Correct
Outlandos d'Amour(1978) Roxanne
88%
Synchronicity(1983) Every Breath You Take
82%
Reggatta de Blanc(1979) Message in a Bottle
76%
Synchronicity(1983) Synchronicity I
76%
Synchronicity(1983) Synchronicity II
76%
Reggatta de Blanc(1979) Walking on the Moon
59%
Outlandos d'Amour(1978) Can't Stand Losing You
53%
Zenyattà Mondatta(1980) Don't Stand So Close to Me
53%
Ghost in the Machine(1981) Invisible Sun
53%
Synchronicity(1983) Wrapped Around Your Finger
53%
Zenyattà Mondatta(1980) Bombs Away
47%
Zenyattà Mondatta(1980) Canary in a Coalmine
47%
Synchronicity(1983) King of Pain
47%
Zenyattà Mondatta(1980) Man in a Suitcase
47%
Ghost in the Machine(1981) Ωmegaman
47%
Synchronicity(1983) Mother
47%
Ghost in the Machine(1981) One World (Not Three)
47%
Ghost in the Machine(1981) Spirits in the Material World
47%
Zenyattà Mondatta(1980) Behind My Camel
41%
Zenyattà Mondatta(1980) De Do Do Do, De Da Da Da
41%
Ghost in the Machine(1981) Demolition Man
41%
Zenyattà Mondatta(1980) Driven to Tears
41%
Ghost in the Machine(1981) Every Little Thing She Does Is Magic
41%
Synchronicity(1983) Miss Gradenko
41%
Synchronicity(1983) Murder by Numbers
41%
Reggatta de Blanc(1979) Reggatta de Blanc
41%
Outlandos d'Amour(1978) So Lonely
41%
Synchronicity(1983) Walking in Your Footsteps
41%
Synchronicity(1983) O My God
35%
Synchronicity(1983) Tea in the Sahara
35%
Zenyattà Mondatta(1980) Voices Inside My Head
35%
Outlandos d'Amour(1978) Born in the 50's
29%
Reggatta de Blanc(1979) It's Alright for You
29%
Outlandos d'Amour(1978) Peanuts
29%
Ghost in the Machine(1981) Secret Journey
29%
Reggatta de Blanc(1979) The Bed's Too Big Without You
29%
Zenyattà Mondatta(1980) When the World Is Running Down, You Make the Best of What's Still Around
29%
Reggatta de Blanc(1979) Contact
24%
Ghost in the Machine(1981) Darkness
24%
Ghost in the Machine(1981) Hungry for You (j'aurais toujours faim de toi)
24%
Outlandos d'Amour(1978) Next to You
24%
Reggatta de Blanc(1979) On Any Other Day
24%
Zenyattà Mondatta(1980) Shadows in the Rain
24%
Outlandos d'Amour(1978) Be My Girl—Sally
18%
Reggatta de Blanc(1979) Bring On the Night
18%
Reggatta de Blanc(1979) Deathwish
18%
Outlandos d'Amour(1978) Hole in My Life
18%
Reggatta de Blanc(1979) No Time This Time
18%
Ghost in the Machine(1981) Rehumanize Yourself
18%
Zenyattà Mondatta(1980) The Other Way of Stopping
18%
Message in a Box: The Complete Recordings(1993) A Sermon
12%
Reggatta de Blanc(1979) Does Everyone Stare
12%
Message in a Box: The Complete Recordings(1993) I Burn for You
12%
Six Pack(1980) Landlord
12%
Outlandos d'Amour(1978) Masoko Tanga
12%
Outlandos d'Amour(1978) Truth Hits Everybody
12%
Message in a Box: The Complete Recordings(1993) Fall Out
6%
Message in a Box: The Complete Recordings(1993) Friends
6%
Message in a Box: The Complete Recordings(1993) Once Upon a Daydream
6%
Message in a Box: The Complete Recordings(1993) Shambelle
6%
Ghost in the Machine(1981) Too Much Information
6%
Message in a Box: The Complete Recordings(1993) A Kind of Loving
0%
Six Pack(1980) Dead End Job
0%
Message in a Box: The Complete Recordings(1993) Flexible Strategies
0%
Message in a Box: The Complete Recordings(1993) How Stupid Mr. Bates
0%
Message in a Box: The Complete Recordings(1993) Low Life
0%
Message in a Box: The Complete Recordings(1993) Nothing Achieving
0%
Message in a Box: The Complete Recordings(1993) Someone to Talk To
0%
Six Pack(1980) Visions of the Night
0%
No matching quizzes found
Score Distribution
Percent of People with Each Score
Percentile by Number Answered
Your Score History
You have not taken this quiz